[Event "Bayerische EM 2022 - Allgemeine Gruppe"]
[Site "Rosenheim"]
[Date "2022.08.24"]
[Round "6.15"]
[White "Redzepovic, Irfan"]
[Black "Sesselmann, Christoph"]
[Result "1/2-1/2"]
[WhiteElo "2108"]
[BlackElo "1880"]
[PlyCount "142"]
[EventDate "2022.??.??"]
[WhiteTeam "SW Nürnberg Süd"]
[BlackTeam "SK Kulmbach"]

1. d4 Nf6 2. Nf3 g6 3. c4 Bg7 4. e3 O-O 5. Be2 d6 6. O-O Nbd7 7. b4 c5 8. Bb2
cxb4 9. Qb3 Qb6 10. Nbd2 Re8 11. h3 h6 12. Nh4 e5 13. c5 dxc5 14. Bc4 Rf8 15.
Nxg6 cxd4 16. exd4 exd4 17. Nxf8 Kxf8 18. a3 Ne5 19. Qxb4+ Qxb4 20. axb4 Nxc4
21. Nxc4 Nd5 22. Rfd1 Be6 23. Bxd4 Nc3 24. Bxg7+ Kxg7 25. Nd6 Nxd1 26. Rxd1 b6
27. f4 a5 28. bxa5 bxa5 29. Ra1 a4 30. Nb5 Ra5 31. Na3 Rc5 32. Kf2 Rc3 33. Nb5
Rc2+ 34. Kg1 Bd7 35. Na3 Rd2 36. Nc4 Rd4 37. Nb6 Be8 38. Re1 Bb5 39. Rb1 a3 40.
Ra1 Rd3 41. h4 Rb3 42. Kf2 Rb2+ 43. Ke3 a2 44. g4 Bc6 45. Nc4 Rb4 46. Nd2 Bd5
47. h5 Be6 48. g5 Rb2 49. Ke2 Bf5 50. Ke3 Bb1 51. Ke2 Rb5 52. Ke3 hxg5 53. fxg5
Rxg5 54. Nxb1 Rg1 55. Rxa2 Rxb1 56. Ra5 Rf1 57. Ke2 Rf6 58. Ke1 Kh6 59. Ke2 Rf4
60. Ke3 Rh4 61. Rf5 Kg7 62. Kf3 f6 63. Kg3 Rh1 64. Kg4 Kf7 65. Ra5 Rg1+ 66. Kh4
Kg7 67. Rf5 Re1 68. Kg4 Re6 69. Rf1 Kh6 70. Kf5 Ra6 71. Rg1 Ra5+ 1/2-1/2

[Event "Bayerische EM 2022 - Allgemeine Gruppe"]
[Site "Rosenheim"]
[Date "2022.08.24"]
[Round "6.16"]
[White "Wagner, Tizian"]
[Black "Sandner, Michael"]
[Result "1/2-1/2"]
[WhiteElo "1806"]
[BlackElo "2089"]
[PlyCount "62"]
[EventDate "2022.??.??"]
[WhiteTeam "SV Seubelsdorf"]
[BlackTeam "SG Traunstein/Traunreut"]

1. e4 e6 2. Nf3 d5 3. exd5 exd5 4. d4 Bg4 5. Bd3 Nc6 6. c3 Bd6 7. O-O Nge7 8.
Bg5 f6 9. Bh4 Qd7 10. Nbd2 O-O-O 11. b4 Rde8 12. b5 Nd8 13. Qc2 h5 14. c4 dxc4
15. Nxc4 Bxf3 16. b6 Kb8 17. Nxd6 cxd6 18. bxa7+ Kxa7 19. gxf3 g5 20. Bg3 h4
21. Rab1 hxg3 22. fxg3 Ndc6 23. Rb5 Rc8 24. Rfb1 Rc7 25. d5 Nb8 26. Ra5+ Na6
27. Bxa6 bxa6 28. Rxa6+ Kxa6 29. Qd3+ Ka5 30. Qd2+ Ka6 31. Qd3+ Ka5 1/2-1/2

[Event "Bayerische EM 2022 - Allgemeine Gruppe"]
[Site "Rosenheim"]
[Date "2022.08.24"]
[Round "6.17"]
[White "Fuchs, Michael"]
[Black "Biedenkopf, Philipp"]
[Result "0-1"]
[WhiteElo "2049"]
[BlackElo "1746"]
[PlyCount "70"]
[EventDate "2022.??.??"]
[WhiteTeam "DJK SF Haselbach"]
[BlackTeam "SK Passau"]

1. e4 c5 2. Nf3 e6 3. d4 cxd4 4. Nxd4 a6 5. c4 Nf6 6. Nc3 Qc7 7. Be2 b6 8. Be3
Bb7 9. f3 d6 10. Qd2 Nbd7 11. O-O Be7 12. Rfc1 O-O 13. a4 Rac8 14. a5 bxa5 15.
Nb3 Qb8 16. Nxa5 Ba8 17. b4 Rfd8 18. b5 Nc5 19. Rcb1 d5 20. bxa6 Qe5 21. Bf4
Qh5 22. cxd5 exd5 23. e5 d4 24. Na4 Nd5 25. Nb6 Nxf4 26. Qxf4 Ne6 27. Qg4 Qxg4
28. fxg4 Rc2 29. Bf3 Bxf3 30. gxf3 d3 31. Nb7 Ng5 32. Rf1 h5 33. a7 Nh3+ 34.
Kh1 Bg5 35. Nxd8 Bf4 0-1

[Event "Bayerische EM 2022 - Allgemeine Gruppe"]
[Site "Rosenheim"]
[Date "2022.08.24"]
[Round "6.18"]
[White "Fuchs, Florian"]
[Black "Bunk, Wolfgang"]
[Result "1-0"]
[WhiteElo "1887"]
[BlackElo "2011"]
[PlyCount "83"]
[EventDate "2022.??.??"]
[WhiteTeam "DJK SF Haselbach"]
[BlackTeam "SC Bavaria Regensburg von 1881"]

1. e4 d5 2. Nc3 d4 3. Nce2 e5 4. Ng3 Be6 5. Bb5+ c6 6. Ba4 Na6 7. Bb3 Bxb3 8.
axb3 d3 9. c3 g6 10. Nh3 h5 11. f4 h4 12. Nf1 exf4 13. Qf3 Nc5 14. b4 Nb3 15.
Rb1 Qd6 16. Nxf4 O-O-O 17. Ne3 Qe5 18. Nc4 Qb5 19. Na3 Qg5 20. Nxd3 Nh6 21. O-O
Bd6 22. Nf4 Nxc1 23. Rbxc1 Bxf4 24. Qxf4 Qxf4 25. Rxf4 Rxd2 26. Nc4 Rdd8 27.
Rxh4 f5 28. e5 Nf7 29. Rxh8 Nxh8 30. e6 Kc7 31. h4 b5 32. Na5 Re8 33. Re1 Re7
34. Nb3 Kd6 35. Nc5 a5 36. Rd1+ Kc7 37. bxa5 g5 38. h5 g4 39. Rd7+ Rxd7 40.
exd7 Nf7 41. a6 Kb6 42. h6 1-0

[Event "Bayerische EM 2022 - Allgemeine Gruppe"]
[Site "Rosenheim"]
[Date "2022.08.24"]
[Round "6.19"]
[White "Sesselmann, Moritz"]
[Black "Luhn, Robert"]
[Result "1/2-1/2"]
[WhiteElo "1704"]
[BlackElo "1989"]
[PlyCount "73"]
[EventDate "2022.??.??"]
[WhiteTeam "SK Kulmbach"]
[BlackTeam "SK Caissa Augsburg"]

1. c4 e5 2. g3 Nc6 3. Nc3 f5 4. Bg2 Nf6 5. d3 Bb4 6. Bd2 Bxc3 7. Bxc3 d6 8. Nf3
O-O 9. O-O Bd7 10. b4 Qe8 11. e3 Qh5 12. b5 Nd8 13. Nh4 Qf7 14. f4 Ng4 15. Re1
h6 16. h3 g5 17. Nf3 e4 18. hxg4 exf3 19. Bxf3 fxg4 20. Bxg4 Bxg4 21. Qxg4 Ne6
22. Rad1 a6 23. Re2 axb5 24. Rh2 Ra3 25. Rxh6 Rxc3 26. Rxe6 Qf5 27. Qxf5 Rxf5
28. cxb5 Rxb5 29. Rd2 Kf7 30. Re4 Kf6 31. Kf2 g4 32. Ke2 Rh5 33. Rc4 Rh2+ 34.
Kd1 Rh1+ 35. Ke2 Rh2+ 36. Kd1 Rh1+ 37. Ke2 1/2-1/2

[Event "Bayerische EM 2022 - Allgemeine Gruppe"]
[Site "Rosenheim"]
[Date "2022.08.24"]
[Round "6.21"]
[White "Duong, Quang Bach"]
[Black "Höller, Armin"]
[Result "1-0"]
[WhiteElo "1525"]
[BlackElo "2045"]
[PlyCount "85"]
[EventDate "2022.??.??"]
[WhiteTeam "SK Nürnberg"]
[BlackTeam "SK Weilheim"]

1. e4 e5 2. Nf3 Nc6 3. Bb5 a6 4. Ba4 Nf6 5. O-O Be7 6. Re1 b5 7. Bb3 O-O 8. a4
Rb8 9. axb5 axb5 10. c3 d5 11. exd5 Nxd5 12. Nxe5 Nxe5 13. Rxe5 c6 14. d3 Bd6
15. Re1 Qh4 16. g3 Qh3 17. Re4 Nf6 18. Rh4 Qf5 19. d4 c5 20. Bf4 Bxf4 21. Rxf4
Qg5 22. h4 Qh6 23. dxc5 Bb7 24. Rd4 Rfe8 25. Na3 Ne4 26. Bd5 Bxd5 27. Rxd5 Qf6
28. Qc2 Qf3 29. Rd3 Qf5 30. b4 Nxf2 31. Rd2 Ne4 32. Rg2 Qf3 33. Rf1 Qe3+ 34.
Kh2 Rbd8 35. Nb1 Re6 36. Qc1 Qd3 37. Rf4 Nxg3 38. Qd2 Nh5 39. Qxd3 Rxd3 40. Rd4
Ree3 41. Rxd3 Rxd3 42. c6 Rd6 43. Rd2 1-0

[Event "Bayerische EM 2022 - Allgemeine Gruppe"]
[Site "Rosenheim"]
[Date "2022.08.25"]
[Round "7.1"]
[White "Vuckovic, Zarko"]
[Black "Miller, Eduard"]
[Result "0-1"]
[WhiteElo "2286"]
[BlackElo "2353"]
[PlyCount "60"]
[EventDate "2022.??.??"]
[WhiteTeam "SF Augsburg"]
[BlackTeam "SC Erlangen"]

1. e4 c6 2. Nf3 d5 3. d3 Qc7 4. Nc3 dxe4 5. Nxe4 Nf6 6. Nxf6+ exf6 7. g3 Bd6 8.
Qe2+ Kf8 9. Bg2 Bg4 10. O-O Nd7 11. d4 Re8 12. Qd3 h5 13. h3 Be6 14. Nh4 Nb6
15. b3 Qd7 16. c4 g5 17. Qf3 Be7 18. d5 cxd5 19. c5 Na8 20. Bb2 gxh4 21. Rae1
Kg7 22. Qf4 Rh6 23. Qxh4 Bxc5 24. Kh2 Nc7 25. f4 d4 26. f5 Bxf5 27. Rxe8 Nxe8
28. Bc1 Rh8 29. Bd2 Bg6 30. a4 Bd6 0-1

[Event "Bayerische EM 2022 - Allgemeine Gruppe"]
[Site "Rosenheim"]
[Date "2022.08.25"]
[Round "7.2"]
[White "Schulz, Lukas"]
[Black "Lohvinov, Petro"]
[Result "1-0"]
[WhiteElo "2271"]
[BlackElo "2232"]
[PlyCount "69"]
[EventDate "2022.??.??"]
[WhiteTeam "SC Erlangen"]
[BlackTeam "SK München Südost"]

1. e4 e5 2. f4 d5 3. exd5 exf4 4. Nf3 Nf6 5. Bb5+ c6 6. dxc6 Nxc6 7. Nc3 Be7 8.
d4 Nd5 9. Nxd5 Qxd5 10. c4 Qf5 11. d5 Bb4+ 12. Bd2 O-O 13. O-O Bc5+ 14. Kh1 Nb4
15. Ba4 b5 16. Bxb4 Bxb4 17. Bxb5 Bc5 18. Qd2 Qf6 19. Rae1 Be3 20. Rxe3 fxe3
21. Qxe3 Bg4 22. Qd4 Qf5 23. h3 Bxf3 24. Rxf3 Qb1+ 25. Kh2 a6 26. Ba4 Rab8 27.
Bb3 a5 28. d6 a4 29. Bxa4 Qxa2 30. b3 Qa3 31. c5 Rb4 32. Qd5 Qc1 33. d7 Rbb8
34. c6 g6 35. Bb5 1-0

[Event "Bayerische EM 2022 - Allgemeine Gruppe"]
[Site "Rosenheim"]
[Date "2022.08.25"]
[Round "7.3"]
[White "Niedermeier, Thomas"]
[Black "Kocak, Ediz"]
[Result "1-0"]
[WhiteElo "2253"]
[BlackElo "2080"]
[PlyCount "127"]
[EventDate "2022.??.??"]
[WhiteTeam "SV Ilmmünster"]
[BlackTeam "SGem Fürth"]

1. e4 c5 2. Nf3 e6 3. d4 cxd4 4. Nxd4 a6 5. Bd3 Bc5 6. Nb3 Ba7 7. Nc3 Nc6 8.
Qe2 d6 9. Be3 Nf6 10. f4 Qc7 11. O-O-O b5 12. Bxb5 O-O 13. Bd3 Bxe3+ 14. Qxe3
Bb7 15. a3 Rfc8 16. Rhe1 Na5 17. Kb1 Rab8 18. Ka2 h6 19. g3 Kf8 20. h3 d5 21.
e5 Ne4 22. Bxe4 Nc4 23. Qd4 dxe4 24. Nxe4 Kg8 25. Nec5 Na5 26. Nxb7 Rxb7 27.
Nxa5 Qxa5 28. Re2 g6 29. Rd3 Rbc7 30. Qb4 Qxb4 31. axb4 Rc4 32. c3 g5 33. Rf3
a5 34. bxa5 Ra4+ 35. Kb1 Rxa5 36. b4 Ra3 37. Rc2 Rca8 38. Rb2 Kg7 39. Kc2 Rc8
40. b5 gxf4 41. gxf4 Kg6 42. Rb4 Kf5 43. Kb2 Rca8 44. b6 Ra2+ 45. Kb3 R2a3+ 46.
Kc2 Rc8 47. b7 Rb8 48. Rf1 h5 49. Rfb1 h4 50. R1b3 Ra2+ 51. Rb2 Ra3 52. Kd3 f6
53. exf6 Kxf6 54. Rc4 Ra7 55. Rc7 Kf5 56. Ke3 Ra4 57. Rc5+ e5 58. Rxe5+ Kf6 59.
Rc5 Ra7 60. Rc7 Kf5 61. Rb6 Re8+ 62. Kf3 Re3+ 63. Kxe3 Rxb7 64. Rc5# 1-0

[Event "Bayerische EM 2022 - Allgemeine Gruppe"]
[Site "Rosenheim"]
[Date "2022.08.25"]
[Round "7.4"]
[White "Kolb, Tobias"]
[Black "Reimann, Sebastian"]
[Result "1-0"]
[WhiteElo "2355"]
[BlackElo "2252"]
[PlyCount "63"]
[EventDate "2022.??.??"]
[WhiteTeam "SC Bamberg"]
[BlackTeam "SK Kriegshaber"]

1. d4 Nf6 2. c4 e6 3. Nc3 d5 4. cxd5 exd5 5. Bg5 Bb4 6. e3 h6 7. Bxf6 Qxf6 8.
Qa4+ Nc6 9. Bb5 O-O 10. Bxc6 Bxc3+ 11. bxc3 bxc6 12. Nf3 Bh3 13. O-O Rae8 14.
Kh1 Bxg2+ 15. Kxg2 Qg6+ 16. Kh1 Qe4 17. Qd1 f5 18. Rg1 g5 19. Rg2 f4 20. Ne5
fxe3 21. fxe3 Rf2 22. Qg4 Qxe3 23. Qh5 Re6 24. Rxf2 Qxf2 25. Rg1 Qf5 26. Re1 c5
27. Qe2 cxd4 28. cxd4 Qf4 29. Qe3 Qh4 30. Rf1 c5 31. dxc5 d4 32. Qf3 1-0

[Event "Bayerische EM 2022 - Allgemeine Gruppe"]
[Site "Rosenheim"]
[Date "2022.08.25"]
[Round "7.5"]
[White "Michalek, Michal"]
[Black "Albert, Markus"]
[Result "0-1"]
[WhiteElo "2153"]
[BlackElo "2024"]
[PlyCount "116"]
[EventDate "2022.??.??"]
[WhiteTeam "1.FC Marktleuthen"]
[BlackTeam "SC Ansbach"]

1. d4 d6 2. Nf3 Bg4 3. c4 Nd7 4. Nc3 e5 5. g3 Ngf6 6. Bg2 c6 7. h3 Bh5 8. O-O
Qc7 9. e4 h6 10. g4 Bg6 11. Nh4 Bh7 12. Be3 g6 13. Qf3 Be7 14. Qg3 O-O-O 15.
Rfd1 Rhg8 16. Rac1 Nh5 17. Qf3 Nf4 18. Qg3 Rdf8 19. dxe5 dxe5 20. Bf3 Nh5 21.
gxh5 gxh5 22. Bg4 hxg4 23. Kh2 Qd8 24. Ng2 h5 25. h4 Bb4 26. Bg5 Rxg5 27. hxg5
Qxg5 28. Qe3 Qxe3 29. fxe3 Be7 30. Kg3 Nc5 31. Rh1 Bg6 32. Rcf1 Rd8 33. Rd1 Rh8
34. Rdf1 Kd7 35. Nh4 Ke6 36. Nxg6 fxg6 37. Rd1 Bg5 38. b4 Nd7 39. Rd3 Rf8 40.
Rhd1 Rf3+ 41. Kg2 Nf6 42. Rf1 Rxe3 43. Rxe3 Bxe3 44. Rd1 h4 45. Rd8 h3+ 46. Kh1
g3 47. Ne2 Nxe4 48. Nxg3 Nxg3+ 49. Kh2 Ne4 50. Kxh3 c5 51. b5 Nd6 52. Ra8 Nxc4
53. Rxa7 Nd6 54. Ra3 Bd4 55. Rg3 c4 56. Rxg6+ Kd5 57. a4 c3 58. Rg2 Ke4 0-1

[Event "Bayerische EM 2022 - Allgemeine Gruppe"]
[Site "Rosenheim"]
[Date "2022.08.25"]
[Round "7.6"]
[White "Hinterreiter, Markus"]
[Black "Schmid, Roland"]
[Result "0-1"]
[WhiteElo "2119"]
[BlackElo "2233"]
[PlyCount "74"]
[EventDate "2022.??.??"]
[WhiteTeam "TSV Trostberg"]
[BlackTeam "Post Regensburg"]

1. e4 d6 2. d4 Nf6 3. Nc3 e5 4. Nf3 Nbd7 5. Bc4 Be7 6. a4 O-O 7. O-O exd4 8.
Nxd4 Ne5 9. Ba2 Nc6 10. Re1 Nb4 11. Bb3 c5 12. Nde2 Be6 13. Nf4 Bxb3 14. cxb3
Re8 15. Be3 Bf8 16. f3 Qd7 17. Nfd5 Nfxd5 18. Nxd5 Nxd5 19. Qxd5 Qc6 20. Rad1
Re5 21. Qd3 Rae8 22. Bf4 R5e6 23. Qc4 g6 24. Rd5 Bg7 25. Red1 Bd4+ 26. Kh1 a6
27. h4 b5 28. axb5 axb5 29. Qc2 Qd7 30. b4 Qe7 31. Bg5 f6 32. Bf4 f5 33. Bg5
Qf7 34. bxc5 dxc5 35. b4 fxe4 36. bxc5 exf3 37. g4 Re1+ 0-1

[Event "Bayerische EM 2022 - Allgemeine Gruppe"]
[Site "Rosenheim"]
[Date "2022.08.25"]
[Round "7.7"]
[White "Kleibel, Uwe"]
[Black "Böhme, Sebastian"]
[Result "1/2-1/2"]
[WhiteElo "2183"]
[BlackElo "2198"]
[PlyCount "136"]
[EventDate "2022.??.??"]
[WhiteTeam "SC Bavaria Regensburg von 1881"]
[BlackTeam "SC Erlangen"]

1. d4 Nf6 2. Nf3 e6 3. c4 d5 4. e3 Be7 5. b3 O-O 6. Bd3 c5 7. O-O Nc6 8. Bb2
cxd4 9. exd4 b6 10. Nbd2 Bb7 11. Rc1 Rc8 12. Qe2 Nh5 13. Qe3 Bd6 14. g3 Nf6 15.
c5 Bb8 16. Bb5 Re8 17. Rfd1 a6 18. Bxc6 Bxc6 19. Ne5 Nd7 20. Nxd7 Bxd7 21. Nf3
f6 22. b4 Bb5 23. Re1 Bc4 24. a3 Qd7 25. Qc3 bxc5 26. bxc5 Bc7 27. Nd2 Bb5 28.
f4 Rb8 29. Re3 Qd8 30. Rce1 Ba5 31. Qc1 Qd7 32. Bc3 Bc7 33. Nf3 Bc4 34. Qd2 Rb5
35. Qg2 Rb3 36. Nd2 Rxa3 37. Nxc4 dxc4 38. d5 Rxc3 39. Rxc3 Ba5 40. Rce3 Bxe1
41. Rxe1 Rc8 42. dxe6 Qd4+ 43. Kh1 Qxc5 44. Qb7 c3 45. Qf7+ Kh8 46. e7 Qc6+ 47.
Kg1 Qe8 48. Qe6 Ra8 49. Qd5 Rb8 50. Qd6 Ra8 51. Qc7 Qg8 52. Qxc3 Re8 53. Qc6 h6
54. Qxa6 Qd5 55. Qa7 Kg8 56. Qe3 Kf7 57. Kf2 Qa2+ 58. Re2 Qc4 59. g4 Qd5 60. f5
Qc4 61. Kg3 Qc7+ 62. Kh4 Rxe7 63. Qxe7+ Qxe7 64. Rxe7+ Kxe7 65. Kh5 Kf7 66. h3
Kf8 67. Kg6 Kg8 68. h4 Kf8 1/2-1/2

[Event "Bayerische EM 2022 - Allgemeine Gruppe"]
[Site "Rosenheim"]
[Date "2022.08.25"]
[Round "7.8"]
[White "Stöttner, Moritz"]
[Black "Stöttner, Lukas"]
[Result "1/2-1/2"]
[WhiteElo "1906"]
[BlackElo "1972"]
[PlyCount "77"]
[EventDate "2022.??.??"]
[WhiteTeam "SK Landau-Dingolfing"]
[BlackTeam "SK Landau-Dingolfing"]

1. e4 e5 2. Nf3 Nc6 3. Bb5 a6 4. Ba4 Nf6 5. O-O Be7 6. Re1 b5 7. Bb3 O-O 8. c3
d5 9. exd5 Nxd5 10. Nxe5 Nxe5 11. Rxe5 c6 12. d3 Bd6 13. Re1 Bf5 14. Nd2 Nf4
15. Ne4 Nxd3 16. Qf3 Bg6 17. Re2 Bc7 18. Bg5 Bxe4 19. Rxe4 Qxg5 20. Qxd3 Rad8
21. Qf3 c5 22. h4 Qh6 23. Rd1 c4 24. Bc2 Rd2 25. Rxd2 Qxd2 26. Qe2 Qxe2 27.
Rxe2 Rd8 28. g3 Kf8 29. Kg2 g6 30. Kf3 Re8 31. Rxe8+ Kxe8 32. h5 Ke7 33. hxg6
hxg6 34. Ke4 Ke6 35. f4 f5+ 36. Ke3 a5 37. Bd1 b4 38. Bf3 Bb6+ 39. Ke2 1/2-1/2

[Event "Bayerische EM 2022 - Allgemeine Gruppe"]
[Site "Rosenheim"]
[Date "2022.08.25"]
[Round "7.9"]
[White "Weiß, Thomas"]
[Black "Löw, Gerald"]
[Result "0-1"]
[WhiteElo "1970"]
[BlackElo "2153"]
[PlyCount "98"]
[EventDate "2022.??.??"]
[WhiteTeam "DJK-Regensburg Nord"]
[BlackTeam "TSV Bindlach Aktionär"]

1. Nf3 d5 2. g3 Nf6 3. Bg2 e6 4. O-O Be7 5. d3 O-O 6. Nbd2 b5 7. e4 c5 8. Re1
Nc6 9. e5 Nd7 10. Nf1 f6 11. exf6 Bxf6 12. Ne3 Nde5 13. Nxe5 Nxe5 14. c4 Bb7
15. Ng4 Nxg4 16. Qxg4 e5 17. Be3 Qd6 18. Rac1 Rac8 19. b3 a6 20. f4 Bc6 21. h4
Rfe8 22. h5 bxc4 23. bxc4 dxc4 24. dxc4 exf4 25. Bxf4 Qd4+ 26. Kh2 Qf2 27. Rg1
Qxa2 28. Kh3 Qa4 29. Rgd1 Bxg2+ 30. Kxg2 Qc6+ 31. Kh3 Qe6 32. Rd7 Qxg4+ 33.
Kxg4 a5 34. Rc2 a4 35. Ra2 Ra8 36. Rd3 Re4 37. Kf5 Rxc4 38. h6 Rb4 39. hxg7
Bxg7 40. Bd6 Rd4 41. Rxd4 Bxd4 42. Ke4 Kf7 43. Kd5 a3 44. Bf4 Bb2 45. Kxc5 Ke6
46. Kc4 Rd8 47. Be3 Kf5 48. Bc5 Rc8 49. Kd5 Rxc5+ 0-1

[Event "Bayerische EM 2022 - Allgemeine Gruppe"]
[Site "Rosenheim"]
[Date "2022.08.25"]
[Round "7.10"]
[White "Steinhauer, Artur"]
[Black "Böhme, Markus"]
[Result "0-1"]
[WhiteElo "1920"]
[BlackElo "2170"]
[PlyCount "58"]
[EventDate "2022.??.??"]
[WhiteTeam "SC Bavaria Regensburg von 1881"]
[BlackTeam "SC Uttenreuth"]

1. e4 c6 2. Nf3 d5 3. exd5 cxd5 4. d4 Nc6 5. c4 Nf6 6. Nc3 a6 7. cxd5 Nxd5 8.
Bc4 Be6 9. Bb3 g6 10. O-O Bg7 11. Re1 Nxc3 12. bxc3 Bd5 13. Bg5 O-O 14. Bxd5
Qxd5 15. Bxe7 Rfe8 16. Bg5 Rxe1+ 17. Qxe1 Na5 18. Qe2 Rc8 19. Rc1 Nc4 20. Bf4
b5 21. Ne1 Nb6 22. Nd3 Qc4 23. Qd2 Nd5 24. Nc5 Nxf4 25. Qxf4 Rxc5 26. Qb8+ Rc8
27. Qb7 Qc6 28. Qe7 Bxd4 29. Rd1 Bc5 0-1

[Event "Bayerische EM 2022 - Allgemeine Gruppe"]
[Site "Rosenheim"]
[Date "2022.08.25"]
[Round "7.11"]
[White "Fuchs, Florian"]
[Black "Monninger, Moritz"]
[Result "0-1"]
[WhiteElo "1887"]
[BlackElo "2071"]
[PlyCount "80"]
[EventDate "2022.??.??"]
[WhiteTeam "DJK SF Haselbach"]
[BlackTeam "SK Herzogenaurach"]

1. Nf3 d5 2. g3 Bg4 3. Bg2 Nf6 4. d4 Nbd7 5. O-O e6 6. c4 c6 7. Nc3 Be7 8. b3
O-O 9. Bb2 Qc7 10. Re1 Rad8 11. Qd2 dxc4 12. bxc4 Nb6 13. Qd3 c5 14. Nb5 Qb8
15. e3 a6 16. Na3 Na4 17. Qb3 Nxb2 18. Qxb2 Bxf3 19. Bxf3 cxd4 20. exd4 Bxa3
21. Qxa3 Rxd4 22. Rab1 Qc7 23. Bxb7 Rxc4 24. Qxa6 Rc2 25. Re2 h5 26. a4 Rd8 27.
Rxc2 Qxc2 28. Rf1 h4 29. Qb6 Rd1 30. a5 h3 31. Ba6 Qe4 32. f3 Qc2 33. Be2 Qxe2
34. Qf2 Qxf2+ 35. Kxf2 Rd2+ 36. Kg1 Rg2+ 37. Kh1 Ra2 38. Rd1 Rxa5 39. Rd8+ Kh7
40. Rg8 Nxg8 0-1

[Event "Bayerische EM 2022 - Allgemeine Gruppe"]
[Site "Rosenheim"]
[Date "2022.08.25"]
[Round "7.12"]
[White "Biedenkopf, Philipp"]
[Black "Brunner, Tobias"]
[Result "0-1"]
[WhiteElo "1746"]
[BlackElo "2050"]
[PlyCount "150"]
[EventDate "2022.??.??"]
[WhiteTeam "SK Passau"]
[BlackTeam "SC Windischeschenbach"]

1. d4 Nf6 2. c4 e6 3. Nf3 h6 4. g3 d5 5. Bg2 Be7 6. O-O O-O 7. Qc2 c6 8. Nbd2
Nbd7 9. e4 dxe4 10. Nxe4 Nxe4 11. Qxe4 Nf6 12. Qe2 a5 13. Rd1 a4 14. Bd2 Qb6
15. Bc3 Rd8 16. Rd2 Bb4 17. Bxb4 Qxb4 18. Rad1 Bd7 19. Ne5 Be8 20. Qe3 Rac8 21.
Qc3 Qxc3 22. bxc3 b5 23. c5 Nd5 24. Bxd5 exd5 25. a3 f6 26. Nd3 Bh5 27. Re1 Re8
28. Rxe8+ Rxe8 29. Kg2 g5 30. h3 Re6 31. g4 Bg6 32. Nb4 Kf7 33. Kf1 Be4 34. Kg1
h5 35. Re2 hxg4 36. hxg4 f5 37. gxf5 Rh6 38. f3 Bxf5 39. Re5 Bd7 40. Rxg5 Rg6
41. Rxg6 Kxg6 42. Kf2 Kf5 43. Kg3 Be8 44. Nd3 Kg5 45. Nf2 Bd7 46. Ng4 Be8 47.
Nf2 Bd7 48. Nh3+ Bxh3 49. Kxh3 Kf4 50. Kg2 Ke3 51. Kg3 Kd3 52. f4 Kxc3 53. f5
b4 54. axb4 a3 55. f6 a2 56. f7 a1=Q 57. f8=Q Qg1+ 58. Kh3 Kxb4 59. Qd6 Qe3+
60. Kh2 Qe2+ 61. Kh3 Qb5 62. Qf6 Qa4 63. Kh4 Kc4 64. Kh5 Qd1+ 65. Kh6 Qxd4 66.
Qxc6 Qxc5 67. Qa4+ Kd3 68. Qd1+ Ke4 69. Qg4+ Ke5 70. Qg3+ Ke6 71. Qg6+ Kd7 72.
Qf7+ Kd6 73. Qf8+ Kc6 74. Qc8+ Kb5 75. Kh7 Qxc8 0-1

[Event "Bayerische EM 2022 - Allgemeine Gruppe"]
[Site "Rosenheim"]
[Date "2022.08.25"]
[Round "7.13"]
[White "Straub, Jürgen"]
[Black "Bratu, Mircea"]
[Result "0-1"]
[WhiteElo "2126"]
[BlackElo "1684"]
[PlyCount "84"]
[EventDate "2022.??.??"]
[WhiteTeam "TSV Ingolstadt Nord"]
[BlackTeam "SG Schwabing München"]

1. e4 c5 2. Nf3 Nc6 3. Bb5 g6 4. O-O Bg7 5. Bxc6 bxc6 6. c3 Nf6 7. Re1 O-O 8.
d4 d5 9. e5 Ne4 10. dxc5 Nxc5 11. Nd4 Qc7 12. f4 Rb8 13. b4 Ne4 14. Be3 c5 15.
bxc5 Nxc5 16. Nb3 Ne6 17. Nd4 Bd7 18. Nxe6 Bxe6 19. Bd4 h5 20. Nd2 Bf5 21. Nb3
Rfc8 22. Qd2 a5 23. Nc5 Qc6 24. Re2 e6 25. a4 Bf8 26. Nd3 Qc4 27. Nb2 Qb3 28.
h3 Bc5 29. Bxc5 Rxc5 30. Nd1 Qc4 31. Rf2 Qd3 32. Qxd3 Bxd3 33. h4 Kf8 34. Raa2
Rb1 35. Rfd2 Rxc3 36. Kf2 Rcb3 37. g3 Be4 38. Nb2 Rf3+ 39. Ke2 Rxg3 40. Nd1 Rh3
41. Rab2 Bf3+ 42. Kf2 Rxd1 0-1

[Event "Bayerische EM 2022 - Allgemeine Gruppe"]
[Site "Rosenheim"]
[Date "2022.08.25"]
[Round "7.14"]
[White "Ritzka, Simon"]
[Black "Redzepovic, Irfan"]
[Result "1-0"]
[WhiteElo "2057"]
[BlackElo "2108"]
[PlyCount "55"]
[EventDate "2022.??.??"]
[WhiteTeam "SC Roter Turm Altstadt"]
[BlackTeam "SW Nürnberg Süd"]

1. c4 e6 2. e4 d5 3. cxd5 exd5 4. exd5 Nf6 5. Nc3 Nxd5 6. Bc4 Nb6 7. Bb3 Be7 8.
d4 O-O 9. Nf3 Bg4 10. Be3 Nc6 11. O-O Bf6 12. h3 Bh5 13. Rc1 Bxd4 14. Bxd4 Bxf3
15. Qxf3 Qxd4 16. Rfd1 Qe5 17. Re1 Qd4 18. Rcd1 Qc5 19. Re4 Rad8 20. Rxd8 Nxd8
21. Rg4 Kh8 22. Qg3 Rg8 23. Ne4 Qc1+ 24. Kh2 f5 25. Rh4 fxe4 26. Qg6 Qf4+ 27.
Rxf4 hxg6 28. Rh4# 1-0

[Event "Bayerische EM 2022 - Allgemeine Gruppe"]
[Site "Rosenheim"]
[Date "2022.08.25"]
[Round "7.15"]
[White "Sandner, Michael"]
[Black "Vuckovic, Robert"]
[Result "0-1"]
[WhiteElo "2089"]
[BlackElo "1846"]
[PlyCount "70"]
[EventDate "2022.??.??"]
[WhiteTeam "SG Traunstein/Traunreut"]
[BlackTeam "SF Augsburg"]

1. e4 c5 2. Nf3 e6 3. d4 cxd4 4. Nxd4 Nf6 5. Nc3 Nc6 6. Nxc6 bxc6 7. e5 Nd5 8.
Ne4 Qc7 9. f4 Qb6 10. c4 Ne3 11. Qd3 Bb4+ 12. Bd2 a5 13. a3 Bxd2+ 14. Qxd2 Qd4
15. Qxd4 Nc2+ 16. Kd2 Nxd4 17. Nd6+ Ke7 18. Kc3 Nf5 19. Nxf5+ exf5 20. Bd3 d6
21. exd6+ Kxd6 22. b4 Be6 23. Rhd1 Kc7 24. Be2 Rhe8 25. Bf3 Bd7 26. b5 Re3+ 27.
Kd4 Rae8 28. a4 Kd6 29. c5+ Kc7 30. b6+ Kb7 31. Rd3 Rxd3+ 32. Kxd3 Be6 33. Kd4
Rd8+ 34. Ke5 Bc8 35. Rd1 f6# 0-1

[Event "Bayerische EM 2022 - Allgemeine Gruppe"]
[Site "Rosenheim"]
[Date "2022.08.25"]
[Round "7.16"]
[White "Sesselmann, Christoph"]
[Black "Wagner, Tizian"]
[Result "1-0"]
[WhiteElo "1880"]
[BlackElo "1806"]
[PlyCount "81"]
[EventDate "2022.??.??"]
[WhiteTeam "SK Kulmbach"]
[BlackTeam "SV Seubelsdorf"]

1. e4 c5 2. d4 cxd4 3. c3 dxc3 4. Nxc3 Nc6 5. Nf3 d6 6. Bc4 Nf6 7. e5 dxe5 8.
Qxd8+ Kxd8 9. Ng5 Na5 10. Bb5 Be6 11. Nxe6+ fxe6 12. O-O a6 13. Rd1+ Kc7 14.
Be2 Nc6 15. Be3 Nd5 16. Ne4 Nxe3 17. fxe3 g6 18. Nc5 Kb6 19. Rac1 Bh6 20. Kf2
Rhf8+ 21. Bf3 Rad8 22. Rd7 Rb8 23. Rd3 Ka7 24. Rcd1 Rbd8 25. Rd7 Rxd7 26. Rxd7
Kb6 27. Na4+ Ka5 28. Nc3 Kb6 29. Ke2 Rc8 30. h4 Bf8 31. g4 Rb8 32. g5 Nd8 33.
Kd3 Nf7 34. Ke4 Rc8 35. Bg4 Nd6+ 36. Kxe5 Bg7+ 37. Kxe6 Rc5 38. Na4+ Kb5 39.
Nxc5 Kxc5 40. Rc7+ Kb6 41. Rxe7 1-0

[Event "Bayerische EM 2022 - Allgemeine Gruppe"]
[Site "Rosenheim"]
[Date "2022.08.25"]
[Round "7.17"]
[White "Bruss, Robert"]
[Black "Rosenboom, Niko"]
[Result "1/2-1/2"]
[WhiteElo "1845"]
[BlackElo "1678"]
[PlyCount "143"]
[EventDate "2022.??.??"]
[WhiteTeam "SV Altensittenbach"]
[BlackTeam "SGem Fürth"]

1. d4 d5 2. c4 e6 3. Nc3 Be7 4. cxd5 exd5 5. Bf4 c6 6. e3 Bf5 7. g4 Be6 8. Qb3
b5 9. h3 Nd7 10. Nf3 Ngf6 11. Ng5 Nf8 12. Bd3 Rc8 13. O-O N6d7 14. Nxe6 Nxe6
15. Bg3 O-O 16. Kg2 Nb6 17. Qc2 g6 18. a3 Bd6 19. Bxd6 Qxd6 20. h4 a5 21. h5
Qe7 22. b4 Nc4 23. Rh1 Nxa3 24. Rxa3 axb4 25. Raa1 bxc3 26. Rh2 Kg7 27. Rah1
Rh8 28. Qxc3 Ng5 29. Qc2 Qe6 30. Rh4 Ne4 31. f4 f5 32. Kf3 Rce8 33. Qc1 fxg4+
34. Rxg4 Nf2 35. Kxf2 Qxg4 36. Qxc6 Qe6 37. Qxe6 Rxe6 38. hxg6 hxg6 39. Rxh8
Kxh8 40. Bxb5 Kg7 41. Kf3 Rb6 42. Bd7 Kf6 43. Bg4 Ke7 44. Bc8 Kd6 45. Bh3 Rb8
46. Bf1 Rf8 47. Kg4 Ke6 48. Bb5 Rb8 49. Ba4 Rb4 50. Bc6 Rc4 51. Bb5 Rc3 52. Kf3
Kf6 53. Bd7 Rc7 54. Ba4 Rh7 55. Kg4 Rh1 56. Bb3 Rg1+ 57. Kf3 Ke6 58. e4 Rf1+
59. Ke3 Re1+ 60. Kf3 Rxe4 61. Bc2 Rxd4 62. Bxg6 Ra4 63. Ke3 Kf6 64. Bh7 Ke6 65.
Bd3 d4+ 66. Ke4 Kd6 67. Bb5 Ra5 68. Bd3 Kc5 69. f5 Ra3 70. f6 Ra2 71. Ke5 Rf2
72. Ke6 1/2-1/2